Sports Quiz

Random Sports Quiz

Super Bowl 24 49ers Roster Quiz Stats

Quiz not verified by Sporcle

Challenge
Share
Tweet
Embed
Score 0/47 Timer 10:00
0 Plays Today
Number Player % Correct
16Joe Montana
100%
80Jerry Rice
100%
8Steve Young
97.4%
33Roger Craig
94.9%
84Brent Jones
92.3%
44Tom Rathman
89.7%
82John Taylor
89.7%
42Ronnie Lott
87.2%
6Mike Cofer
79.5%
62Guy McIntyre
79.5%
53Bill Romanowski
76.9%
61Jesse Sapolu
76.9%
94Charles Haley
76.9%
79Harris Barton
74.4%
85Mike Wilson
74.4%
13Steve Bono
71.8%
74Steve Wallace
71.8%
95Michael Carter
71.8%
58Keena Turner
69.2%
81Jamie Williams
69.2%
9Barry Helton
64.1%
21Eric Wright
64.1%
54Matt Millen
64.1%
77Bubba Paris
64.1%
Number Player % Correct
99Mike Walter
64.1%
22Tim McKyer
61.5%
29Don Griffin
61.5%
78Pierce Holt
61.5%
26Darryl Pollard
59%
88Mike Sherrard
59%
31Chet Brooks
56.4%
40Johnnie Jackson
56.4%
64Jim Burt
56.4%
75Kevin Fagan
56.4%
91Larry Roberts
51.3%
32Terrence Flagler
48.7%
67Pete Kugler
48.7%
69Bruce Collie
46.2%
23Spencer Tillman
43.6%
60Chuck Thomas
43.6%
89Wesley Walls
43.6%
59Keith DeLong
41%
96Danny Stubbs
41%
30Keith Henderson
38.5%
56Steve Hendrickson
25.6%
66Terry Tausch
25.6%
98Antonio Gross
10.3%

You're not logged in!

Compare scores with friends on all Sporcle quizzes.
Sign Up with Email
OR
Log In

You Might Also Like...

Show Comments

Extras

Top Quizzes Today


Score Distribution

Your Account Isn't Verified!

In order to create a playlist on Sporcle, you need to verify the email address you used during registration. Go to your Sporcle Settings to finish the process.

Report this User

Report this user for behavior that violates our Community Guidelines.

Details: